[Event "Geraardsbergen op"]
[Site "Geraardsbergen"]
[Date "2003.08.15"]
[Round "3"]
[White "De Moyer, Karel"]
[Black "Gregoir, Dirk"]
[Result "1-0"]
[WhiteElo "1954"]
[BlackElo "1743"]
[PlyCount "36"]
[EventDate "2003.08.??"]
[EventType "swiss"]
[EventRounds "7"]
[EventCountry "BEL"]
[SourceTitle "EXT 2005"]
[Source "ChessBase"]
[SourceDate "2004.11.15"]
[SourceVersion "1"]
[SourceVersionDate "2004.11.15"]
[SourceQuality "1"]

1. e4 c5 2. c3 Nc6 3. Nf3 g6 4. d4 cxd4 5. Nxd4 Bg7 6. Be3 Nf6 7. Nd2 0-0 8. Bc4 d5 9. exd5 Nxd5 10. Nxc6 bxc6 11. Qf3 Bb7 12. Rd1 Qc7 13. 0-0 e6 14. Bc5 Rfd8 15. Ne4 a5 16. Rfe1 Ba6 17. Bb3 a4 18. Bxd5 Rxd5 1-0